Acteurs et actrices des années 1980 par images #3 - Statistiques

Statistiques générales
  • Ce quiz a été pris 150 fois
  • Le résultat moyen est 10 sur 16
Statistiques - réponses
Par images Réponse % Correct
Gérard Darmon
89%
Daniel Auteuil
84%
Lambert Wilson
82%
François Cluzet
77%
Cher
76%
Gérard Lanvin
70%
Christophe Lambert
69%
Béatrice Dalle
67%
Isabelle Huppert
66%
Nathalie Baye
62%
Francis Huster
58%
Richard Berry
53%
Michael Keaton
44%
Jean-Pierre Marielle
43%
River Phoenix
25%
Dennis Hopper
16%
Aucun quiz correspondant
Distribution des résultats
% des personnes avec chaque résultat
Percentile par nombre de réponses
Votre historique - résultats
Vous n’avez pas pris ce quiz